000 00608nam a2200169 4500
008 171212b xxu||||| |||| 00| 0 eng d
020 _a0697110036
082 _21992
_aDC 780
_bH18
100 _924923
_aHammer, Eleanor Ray, author.
245 _aGuided listening :
_b a textbook for music appreciation /
_c Eleanor Ray Hammer, Malcolm S. Cole.
260 _aDubuque, Iowa :
_bWm. C. Brown,
_c©1992.
300 _axxi, 506 pages :
_bcolored illustrations ;
_c 24 cm.
500 _aIncludes indexes.
650 0 _924925
_aMusic appreciation.
700 _924926
_aCole, Malcolm S., author.
942 _2ddc
_cDC
999 _c8068
_d8068